Ughrūdat nahd. (Record no. 48819)

MARC details
000 -LEADER
fixed length control field 00634cam a22002291 4500
001 - CONTROL NUMBER
control field ne 66000764
003 - CONTROL NUMBER IDENTIFIER
control field DLC
005 - DATE AND TIME OF LATEST TRANSACTION
control field 20260227111822.0
008 - FIXED-LENGTH DATA ELEMENTS--GENERAL INFORMATION
fixed length control field 890607s1965 ua ac 000 0 ara
010 ## - LIBRARY OF CONGRESS CONTROL NUMBER
LC control number ne 66000764
025 ## - OVERSEAS ACQUISITION NUMBER
Overseas acquisition number PL480:UAR-6951
035 ## - SYSTEM CONTROL NUMBER
System control number (OCoLC)19830397
040 ## - CATALOGING SOURCE
Original cataloging agency DLC
Transcribing agency WaU
Modifying agency WaU
-- DLC
042 ## - AUTHENTICATION CODE
Authentication code premarc
050 00 - LIBRARY OF CONGRESS CALL NUMBER
Classification number PJ7830.H3
Item number U35
100 1# - MAIN ENTRY--PERSONAL NAME
Personal name Ḥasanī, Ḥabīb Ḥusayn.
245 10 - TITLE STATEMENT
Title Ughrūdat nahd.
Statement of responsibility, etc. [Taʼlīf] Ḥabīb al-Hasanī.
250 ## - EDITION STATEMENT
Edition statement [al-Ṭabʻah 1.]
260 ## - PUBLICATION, DISTRIBUTION, ETC.
Place of publication, distribution, etc. [al-Qāhirah]
Name of publisher, distributor, etc. Maktabat al-Khānjī
Date of publication, distribution, etc. [1965]
300 ## - PHYSICAL DESCRIPTION
Extent 159 p.
Other physical details illus., port.
Dimensions 16 cm.
500 ## - GENERAL NOTE
General note Poems.

No items available.

Powered by Koha